An investigation into the current situation of learning English by using internet of fourth-year students at Danang University

Đã lưu trong:
Sonraí Bibleagrafaíochta
Príomhúdar: Vương Hữu Vinh
Formáid: Neamhaithnid
Teanga:English
Foilsithe: Khoa Anh 2002
Ábhair:
Clibeanna: Cuir Clib Leis
Gan Chlibeanna, Bí ar an gcéad duine leis an taifead seo a chlibeáil!
Thư viện lưu trữ: Mạng thư viện Đại học Đà Nẵng
LEADER 01060na a2200253 4500
001 000031930
003 7619
005 20151001093542.0
008 151001s2002 000 eng
082 |a 420.6  |b NG-V 
100 |a Vương Hữu Vinh 
245 |a An investigation into the current situation of learning English by using internet of fourth-year students at Danang University  |c Vương Hữu Vinh 
260 |a Khoa Anh  |c 2002 
300 |a 44tr. : mh ; 30cm 
650 |a An investigation into the current situation of learning English by using internet of fourth-year students at Danang University, 2003, 44tr 
OWN |a LNN 
AVA |a UDN50  |b LNN  |d 420.6 NG-V  |e available  |t Error 5001 Not defined in file expand_doc_bib_avail.  |f 1  |g 0  |h N  |i 0  |k 1 
999 |a From the UDN01 
AVA |a UDN50  |b LNN  |d 420.6 NG-V  |e available  |t Error 5001 Not defined in file expand_doc_bib_avail.  |f 1  |g 0  |h N  |i 0  |k 1 
TYP |a Printed language 
980 |a Mạng thư viện Đại học Đà Nẵng